| 000 | 00376 a2200133 4500 | ||
|---|---|---|---|
| 003 | Nust | ||
| 005 | 20170207155253.0 | ||
| 040 | _cNust | ||
| 082 | _a799 | ||
| 245 |
_aMeet Allied Offrs Sirilanka (Photograph-2008) _cMCS |
||
| 260 |
_aRawalpindi _bMCS _c14-10-2008 |
||
| 650 | _aPicure of Meet Allied Offrs Sirilanka in MCS Photograph-2008 (Soft Copy CD-17) | ||
| 651 | _aSweet Memories - MCS | ||
| 942 | _cBK | ||
| 999 |
_c200871 _d200871 |
||